000 01608nam a22002177a 4500
003 CUTN
005 20250610161013.0
008 250610b |||||||| |||| 00| 0 eng d
020 _a9781774072998
041 _aEnglish
082 _a364.072
_bMAR
100 _aNikolic Marko
245 _aResearch methods in Criminal Justice and Criminology /
_cMarko Nikolic
260 _aCanada :
_bSociety Publishing ,
_c2020.
300 _a243p. :
_bill ;
505 _aChapter 1: Criminal Justice: A Global Perspective Chapter 2: Introduction to Criminology Chapter 3: Ethics And Criminal Justice Research Chapter 4: Perceptual Dimensions Of Crime Chapter 5: Analyzing The Data And Writing Up Criminology Research Chapter 6: Measuring Crime Chapter 7: Prevention Of Crime Chapter 8: Ethical Issues In Social and Behavioral Science Research Chapter 9: Evidence Of Crime And Its Analysis Chapter 10: Evaluation of Crime And Criminology Research
520 _a The book highlights the critical role of ethics in criminal justice research, explores the perceptual dimensions of crime, and delves into how data is analyzed and utilized in criminological studies. It also discusses various methods of measuring crime, the importance of crime prevention, and the ethical issues inherent in social and behavioral science research. A significant part of the book is dedicated to explaining how evidence of crime is analyzed and how the evaluation of crime is used in criminology research.
650 _aCriminology—Research—Methodology
650 _aCriminology—Statistical methods
942 _2ddc
_cBOOKS
999 _c44692
_d44692